00537nam a2200181 a 4500001001300000003000900013005001700022008004100039020000900080082001800089100002600107245005800133260004200191300001300233500003500246505004700281650002700328nice12345678IN_TiNIC20260116012448.0050524s1982 dela grp 000 0 eng  ac8500a954.0258bHUS aHusain, S M Azizuddin aKalimat-I-Taiyibatb Collection of Aurangzeb`s Orders aDelhibIdara-I-Adabiyat-I-Dillic1982 a250p,48p aincludes index and biblioraphy2 achain .of.Reference System for Bible Study aMughal India-Aurangzeb